Mistrovství v Microsoft Excel 2010

Gespeichert in:
Bibliographische Detailangaben
1. Verfasser: Dodge, Mark
Weitere Verfasser: Stinson Douglas, Craig
Format: Buch
Sprache:Tschechisch
Veröffentlicht: Brno Computer Press, a.s. 2011
Schlagworte:
Tags: Tag hinzufügen
Keine Tags, Fügen Sie das erste Tag hinzu!

MARC

LEADER 00000nam a2200000 4500
001 0157198
005 20240313133228.2
020 |a 978-80-251-3354-5 
041 0 |a cze 
044 |a CZ 
245 1 0 |a Mistrovství v Microsoft Excel 2010  |c Mark Dodge, Craig Stinson Douglas 
264 1 |a Brno  |b Computer Press, a.s.  |c 2011 
300 |a 935 s. 
610 2 0 |a programy počítačové 
610 2 0 |a softvér 
610 2 0 |a Microsoft Excel 2010 
100 1 |a Dodge, Mark 
700 1 |a Stinson Douglas, Craig